Africa Population Circles Quiz Stats

 Plays Quiz Updated Mar 4, 2019

Score 0/9 Timer 02:00
7 Plays Today
% Correct
65.4
million
87.4%
47.1
million
86.4%
91.4
million
85.9%
47.5
million
79.4%
105.9
million
76.7%
72.6
million
67.1%
38.6
million
55.6%
34.8
million
54.3%
37.6
million
51.8%

You're not logged in!

Compare scores with friends on all Sporcle quizzes.
OR
Log In

Sporcle TV

Today on Sporcle TV


Watch our educational content, quiz creation guides, and fun videos on Sporcle TV.

Show Comments

Extras

Top Quizzes Today


Score Distribution

Your Account Isn't Verified!

In order to create a playlist on Sporcle, you need to verify the email address you used during registration. Go to your Sporcle Settings to finish the process.

Report this User

Report this user for behavior that violates our Community Guidelines.

Details: